| 000 | 00000nam 2200000zi 4500 |
| 001 | 9.934020 |
| 003 | CaOODSP |
| 005 | 20240417131754 |
| 006 | m o d f |
| 007 | cr mn||||||||| |
| 008 | 240216e202312##oncda o f000 0 fre d |
| 020 | |a9780660703176 |
| 040 | |aCaOODSP|bfre|erda|cCaOODSP |
| 043 | |an-cn--- |
| 086 | 1 |aPS64-219/2024F-PDF |
| 245 | 00|aImplication du crime organisé dans le vol de véhicules au Canada. |
| 246 | 17|aÉvaluation stratégique de renseignements : |bvol de véhicules |
| 264 | 1|a[Ottawa] : |bGendarmerie royale du Canada = Royal Canadian Mounted Police, |cdécembre 2023. |
| 300 | |a1 ressource en ligne (6 pages) : |bgraphiques, illustrations |
| 336 | |atexte|btxt|2rdacontent/fre |
| 337 | |ainformatique|bc|2rdamedia/fre |
| 338 | |aressource en ligne|bcr|2rdacarrier/fre |
| 500 | |aPublié aussi en anglais sous le titre : Organized crime involvement in vehicle theft in Canada. |
| 650 | 6|aVol d'automobiles|zCanada. |
| 650 | 6|aCrime organisé|zCanada. |
| 710 | 2 |aGendarmerie royale du Canada, |eorganisme de publication. |
| 710 | 2 |aService canadien de renseignements criminels, |eorganisme de publication. |
| 775 | 08|tOrganized crime involvement in vehicle theft in Canada.|w(CaOODSP)9.934018 |
| 856 | 40|qPDF|s604 Ko|uhttps://publications.gc.ca/collections/collection_2024/grc-rcmp/PS64-219-2024-fra.pdf |